Countries with Declining Populations - Statistics

General Stats
  • This quiz has been taken 166 times
  • The average score is 17 of 24
Answer Stats
Percent of Decline Answer % Correct
10.7% Russia
87%
25.3% Japan
84%
16.6% Poland
79%
15% Romania
79%
12.4% Germany
77%
19.8% Latvia
77%
23.1% Ukraine
77%
13.2% Croatia
76%
8.4% Estonia
76%
18% Lithuania
76%
19.4% Serbia
76%
21.9% Bulgaria
75%
10.1% Slovakia
74%
20% Bosnia
73%
9.6% Hungary
73%
8.6% Slovenia
73%
12.6% Belarus
70%
13.4% South Korea
66%
10.9% Albania
64%
15.8% Moldova
64%
9.1% Macedonia
59%
22.6% Georgia
47%
7.3% Taiwan
42%
13.5% Cuba
24%
No matching quizzes found
Score Distribution
Percent of People with Each Score
Percentile by Number Answered
Your Score History
You have not taken this quiz